Microsoft Access 2007 nejen pro školy /

Uloženo v:
Podrobná bibliografie
Hlavní autor: Šedová, Hana (Autor)
Médium: Kniha
Jazyk:čeština
Vydáno: Kralice na Hané : Computer Media, 2010
Vydání:1. vyd.
Témata:
ISBN:9788074020384
On-line přístup: Získat plný text
Tagy: Přidat tag
Žádné tagy, Buďte první, kdo vytvoří štítek k tomuto záznamu!

MARC

LEADER 00000nam a2200000 4500
003 SK-BrCVT
005 20220621163420.0
008 101001s2010 xr e ||||||cze d
020 |a 9788074020384 
035 |a CVTIDW0001823 
040 |b slo  |a CVTI SR  |e AACR2 
041 0 |a cze 
044 |a xr 
080 |a 004.65  |2 UDC-MRF 
080 |a 004.42  |2 UDC-MRF 
100 1 |a Šedová, Hana  |4 aut 
245 1 0 |a Microsoft Access 2007 nejen pro školy /  |c Hana Šedová 
250 |a 1. vyd. 
260 |a Kralice na Hané :  |b Computer Media,  |c 2010 
300 |a 192 s. :  |b grafy, obr., tab. ; 
500 |a Učebnice databázového programu 
653 1 |a databázový program 
653 1 |a správa databáz 
653 1 |a databázový systém 
910 |a BA002  |b A611667 
919 |a 978-80-7402-038-4 
959 |a 18 
974 |a katarina.repata  |f Knihy 
992 |a AUV 
999 |c 156712  |d 156712